000 005250000a22001690004500
003 MACL
005 20160406130205.0
008 160406b xxu||||| |||| 00| 0 eng d
040 _aMACL
_cMACL
041 _aHindi
082 _a403 TAR
100 _aतरूण हरिवंश
_950763
245 _aसरल मानक
_bहिन्‍दी व्‍याकरण और रचना
260 _bग्रंथलोक
_c2010
_aनई दिल्‍ली
350 _a200
942 _cHIN
_k403/TAR
_2ddc
999 _c45031
_d45031